Gaming Quiz

Random Gaming or Video Games Quiz
Score 0/24 Timer 06:00
1 Play Today
# Game % Correct
7Street Fighter II
73.1%
9Duck Hunt
72.9%
8Donkey Kong Country
63.5%
13Sonic the Hedgehog 2
55.1%
14Grand Theft Auto III
54.4%
20Super Mario Bros. 3
54.3%
21Spyro the Dragon
53.1%
23Mortal Kombat 4
46.9%
2Crash Bandicoot 2: Cortex Strikes Back
44.8%
3Frogger
43.5%
12Punch-Out!!
43%
16Metal Gear Solid
41.9%
# Game % Correct
6Star Fox
38.8%
10Resident Evil 2
37%
1Battletoads
35.9%
5Zelda II: The Adventure of Link
32.1%
4Tekken 3
30%
11Earthworm Jim 2
28.5%
18Bomberman Hero
20.8%
19Final Fantasy VIII
19.1%
22Final Fight
16%
24Bubble Bobble
12.8%
17Ninja Gaiden
11.8%
15Smash TV
8.5%
Remove Ads.
Support Sporcle.
Get the best of Sporcle when you Go Orange. This ad-free experience offers more features, more stats, and more fun while also helping to support Sporcle. Thank you for becoming a member.

You're not logged in!

Compare scores with friends on all Sporcle quizzes.
OR
Log In

Sporcle TV

Today on Sporcle TV


Watch our educational content, quiz creation guides, and fun videos on Sporcle TV.

Show Comments

Extras

Top Quizzes Today


Score Distribution

Paid Content

Your Account Isn't Verified!

In order to create a playlist on Sporcle, you need to verify the email address you used during registration. Go to your Sporcle Settings to finish the process.

Report this User

Report this user for behavior that violates our Community Guidelines.

Details: